| 000 -LEADER |
| fixed length control field |
00547nam a22001937a 4500 |
| 008 - FIXED-LENGTH DATA ELEMENTS--GENERAL INFORMATION |
| fixed length control field |
131004b xxu||||| |||| 00| 0 ger d |
| 020 ## - INTERNATIONAL STANDARD BOOK NUMBER |
| International Standard Book Number |
3540500383 |
| 020 ## - INTERNATIONAL STANDARD BOOK NUMBER |
| International Standard Book Number |
0377500383 |
| 041 0# - LANGUAGE CODE |
| Language code of text/sound track or separate title |
ger |
| 080 ## - UNIVERSAL DECIMAL CLASSIFICATION NUMBER |
| Universal Decimal Classification number |
004 |
| 100 1# - Rafti |
| Rafti |
Kober, Rudolf |
| 245 10 - TITLE STATEMENT |
| Title |
Parallelrechner-Architekturen |
| Statement of responsibility, etc |
Kober, Rudolf |
| 260 ## - |
| -- |
Berlin |
| -- |
New York |
| -- |
Springer Verlag |
| -- |
1988 |
| 300 ## - |
| -- |
360 f. |
| -- |
ilustr. |
| -- |
24 cm |
| 500 ## - |
| -- |
Parathenie [III]-IV |
| 650 #0 - |
| -- |
Kompjuterat |
| 650 #0 - |
| -- |
Arkitektura |
| 942 ## - ADDED ENTRY ELEMENTS (KOHA) |
| Source of classification or shelving scheme |
|
| Item type |
Books |